000 00729nam a2200241Ia 4500
003 OSt
005 20220928121009.0
006 a|||||r|||| 00| 0
007 ta
008 220927b |||||||| |||| 00| 0 eng d
024 _a138451
037 _cTextual
040 _aSDCL
_cSDCL
_beng
041 _2eng
_aeng
082 _aR858v, J8
100 _aWetter Gustav
_9451449
245 0 _aDialecical materialism
_b A historical and systematic survey of philosophy in the soviet union .
260 _aLondon
_bRoultedge and Kegan Paul
_c1958
300 _axii,609p.
_ccm.
700 _a Heath Peter Tr.
_9451450
942 _hR858v, J8
_cTEXL
_2CC
999 _c765506
_d765506